000 00507nam a2200157 i 4500
001 100283
003 ES-MaACL
005 20230906182638.0
007 t|
008 050926s1907 sp ||||1| spa d
100 1 _aMás y Guindal, Joaquín.
_978652
245 1 0 _aCompendio de alteraciones y conservación de los medicamentos /
_cJoaquín Más y Guindal.
260 _aMadrid :
_bLa Medicina Militar Española,
_c1907.
650 4 _aMedicamentos-
_xConservación.
_9163654
852 _aES-MaACL
_jT-1402-F-5
999 _c100283
_d100283